000 00364nam a2200145Ia 4500
005 20250612031907.0
008 240331s9999 xx 000 0 und d
082 _bGRE
_a321
100 _aGreen, F
245 0 _aAdirajyavadeye arambaya
260 _aSri Lanaka
_bJana publication
_c1984
300 _a64 p .,
500 _a The beginning of imperialism
942 _cL
999 _c2341
_d2341